A Persian spring / (Record no. 793108)

MARC details
000 -LEADER
fixed length control field 00721nam a2200253 a 4500
001 - CONTROL NUMBER
control field vtls000968664
003 - CONTROL NUMBER IDENTIFIER
control field NLI
005 - DATE AND TIME OF LATEST TRANSACTION
control field 20210627095142.0
008 - FIXED-LENGTH DATA ELEMENTS--GENERAL INFORMATION
fixed length control field 120112s1957 enka 000 0 eng
039 #9 - LEVEL OF BIBLIOGRAPHIC CONTROL AND CODING DETAIL [OBSOLETE]
-- 201201121759
-- Entertech_02
040 0# - CATALOGING SOURCE
Original cataloging agency NLI
Language of cataloging eng
Transcribing agency Entertech-2011
Description conventions AACR2
041 0# - LANGUAGE CODE
Language code of text/sound track or separate title eng
044 ## - COUNTRY OF PUBLISHING/PRODUCING ENTITY CODE
MARC country code enk
084 ## - OTHER CLASSIFICATION NUMBER
Classification number 67.A.267
100 1# - MAIN ENTRY--PERSONAL NAME
Personal name Blunt, Wilfrid,
Dates associated with a name 1901-1987
9 (RLIN) 909518
245 12 - TITLE STATEMENT
Title A Persian spring /
Statement of responsibility, etc. by Wilfrid Blunt
260 ## - PUBLICATION, DISTRIBUTION, ETC.
Place of publication, distribution, etc. London :
Name of publisher, distributor, etc. Janes Barrie Books,
Date of publication, distribution, etc. 1957
300 ## - PHYSICAL DESCRIPTION
Extent xii, 252 p. :
Other physical details ill. ;
Dimensions 22 cm.
651 #0 - SUBJECT ADDED ENTRY--GEOGRAPHIC NAME
Geographic name Iran
General subdivision Description and travel
9 (RLIN) 686920
887 ## - NON-MARC INFORMATION FIELD
Content of non-MARC field
901 ## - LOCAL DATA ELEMENT A, LDA (RLIN)
a 318395 :
b 24.12.1957
902 ## - LOCAL DATA ELEMENT B, LDB (RLIN)
a 67.A.267
942 ## - ADDED ENTRY ELEMENTS (KOHA)
Source of classification or shelving scheme Dewey Decimal Classification
Koha item type Books
Holdings
Withdrawn status Lost status Damaged status Not for loan Home library Current library Date acquired Total Checkouts Full call number Date last seen Price effective from Koha item type
        National Library of India National Library of India     67.A.267 27/06/2021 27/06/2021 Books
                                                                           
web counter

Copyright ©2020 The National Library of India, Govt. of India ↔ Hosted by NVLI, MOC ↔ Technology and Design by National Library of India, Ministry of Culture, Govt. of India